|
|
|
|
| LEADER |
00000naa2a2200000 4500 |
| 001 |
85958 |
| 005 |
20231031101344.0 |
| 035 |
|
|
|a (RuTPU)RU\TPU\book\92337
|
| 090 |
|
|
|a 85958
|
| 100 |
|
|
|a 20051121d2002 k y0rusy50 ca
|
| 101 |
0 |
|
|a rus
|
| 102 |
|
|
|a RU
|
| 200 |
1 |
|
|a Формирование культурной компетенции в условиях работы с лексическим аспектом языка на материале французских аутентичных песен
|f Е. В. Вагина
|
| 463 |
|
0 |
|0 (RuTPU)RU\TPU\book\60261
|t Коммуникативные аспекты языка и культуры
|o Сборник научных статей и тезисов II Межвузовской научно-практической конференции студентов, аспирантов и молодых ученых, Томск
|f Томский политехнический университет; Институт языковой коммуникации; Под ред. Н. А. Качалова
|v С. 174-177.
|d 2002
|p 407 с.
|
| 610 |
1 |
|
|a компетенция
|
| 610 |
1 |
|
|a культура
|
| 610 |
1 |
|
|a лексика
|
| 610 |
1 |
|
|a французские песни
|
| 610 |
1 |
|
|a аутентичные песни
|
| 610 |
1 |
|
|a иностранные языки
|
| 610 |
1 |
|
|a преподавание
|
| 610 |
1 |
|
|a языковая подготовка
|
| 610 |
1 |
|
|a труды учёных ТПУ
|
| 700 |
|
1 |
|a Вагина
|b Е. В.
|
| 801 |
|
1 |
|a RU
|b 63413507
|c 20051121
|g PSBO
|
| 942 |
|
|
|c BK
|